Economic insight (Record no. 109501)

MARC details
000 -LEADER
fixed length control field 01075cad a22002295a 4500
001 - CONTROL NUMBER
control field E147276
008 - FIXED-LENGTH DATA ELEMENTS--GENERAL INFORMATION
fixed length control field 090424s2009 ko f 000 0 eng d
035 ## - SYSTEM CONTROL NUMBER
System control number (Sirsi) u147276
041 0# - LANGUAGE CODE
Language code of text/sound track or separate title eng
050 04 - LIBRARY OF CONGRESS CALL NUMBER
Classification number 333.33 $2 18
110 2# - MAIN ENTRY--CORPORATE NAME
Corporate name or jurisdiction name as entry element Jones Lang LaSalle
9 (RLIN) 3755
245 00 - TITLE STATEMENT
Title Economic insight
Remainder of title Korea, achieving rental reductions in a rigid market
Medium [electronic resource]
260 ## - PUBLICATION, DISTRIBUTION, ETC.
Place of publication, distribution, etc. Seoul
Name of publisher, distributor, etc. JLL
Date of publication, distribution, etc. 2009
490 #0 - SERIES STATEMENT
Series statement On Point
Volume/sequential designation April 2009
520 ## - SUMMARY, ETC.
Summary, etc. Reports that occupiers of office property are seeking to reduce occupancy costs, however rents in Seoul are not falling as fast as in other neighbouring cities. Suggests that the option of moving to lower cost locations should be considered as a way of making cost savings, as well as engaging the services of a tenant representative.
521 ## - TARGET AUDIENCE NOTE
Target audience note Advanced
590 ## - LOCAL NOTE (RLIN)
Local note KA
651 #4 - SUBJECT ADDED ENTRY--GEOGRAPHIC NAME
Geographic name Korea
690 ## - LOCAL SUBJECT ADDED ENTRY--TOPICAL TERM (OCLC, RLIN)
Topical term or geographic name as entry element PROPERTY-COMMERCIAL PROPERTY-OFFICE PROPERTY-OFFICE MARKET
856 40 - ELECTRONIC LOCATION AND ACCESS
Uniform Resource Identifier <a href="https://www.joneslanglasallekorea.co.kr/Korea/EN-GB/Pages/Research.aspx">https://www.joneslanglasallekorea.co.kr/Korea/EN-GB/Pages/Research.aspx</a>
Public note broken link at JLL no longer available
942 ## - ADDED ENTRY ELEMENTS (KOHA)
Suppress in OPAC 0
Source of classification or shelving scheme Dewey Decimal Classification
Holdings
Withdrawn status Lost status Source of classification or shelving scheme Damaged status Not for loan Home library Current library Shelving location Date acquired Total Checkouts Full call number Barcode Date last seen Copy number Price effective from Koha item type
    Dewey Decimal Classification     Virtual Virtual Online 24/04/2009   ONLINE PUBLICATION 147276-2001 06/08/2019 1 06/08/2019 Book